00580 2200205 4500001002100000005001700021008004100038035002500079090001400104100002400118245006100142250001100203260002900214300002600243500003200269650003300301700001200334850001200346990001600358INLIS00000000000659620150618120118.0 ind  a0010-061500000000717 a813 Bak H aBAKTSIR, Ali Akhmad aHarut dan MarutcAli Ahmad Baktsir ; penerjemah, Hidayah aCet. 1 aYogyakartabNavilac2007 axxxiv, 178 hlmc18 cm aJudul asli : Harut Na Marut aFiksi Indonesia - Terjemahan aHidayah aYOPDYOG a140-KS/B.09